Statistics for Biggest Cities by Continent

Click here to take the quiz!

General Stats

  • This quiz has been taken 226 times
    (113 since last reset)
  • The average score is 5 of 6

Answer Stats

ContinentCity% Correct
EuropeMoscow
94%
AsiaTokyo
88%
AfricaCairo
78%
North AmericaMexico City
75%
South AmericaSão Paulo
63%
OceaniaSydney
59%

Score Distribution

Percentile by Number Answered

Percent of People with Each Score

Your Score History

You have not taken this quiz since the last reset